The guilt cage : housewives and a decade of liberation /

Saved in:
Bibliographic Details
Main Author: Lowry, Suzanne
Format: Book
Language:English
Published: London : Elm Tree Books, 1980.
Subjects:
LEADER 00967nam a2200265 i 4500
001 c000302524
003 CARM
005 20061111041224.0
008 810309s1980 enk 000110 eng d
015 |a B8003498 
019 1 |a 1946605  |z 21949066  |z 45029343  |z 1716263  |5 LACONCORD2021 
020 |a 0241102936 :  |c £6.95 : CIP rev. 
035 |a (OCoLC)6556756  |5 LACONCORD2021 
043 |a e-uk--- 
082 0 4 |a 301.41/2 
100 1 |a Lowry, Suzanne. 
245 1 4 |a The guilt cage :  |b housewives and a decade of liberation /  |c [by] Suzanne Lowry. 
260 |a London :  |b Elm Tree Books,  |c 1980. 
300 |a [9],226p ;  |c 23cm. 
504 |a Index. 
650 0 |a Feminism  |z Great Britain  |x History. 
650 0 |a Housewives  |z Great Britain. 
852 8 |b CARM  |h A3:AE08B0  |i B11518  |p 0546410  |f BK 
999 f f |i aebce800-0df7-5ad6-85ce-1e2e9311a2af  |s a8cf5fc1-5d57-5811-b9f0-25be92ee48ad 
952 f f |p Can circulate  |a CAVAL  |b CAVAL  |c CAVAL  |d CARM 1 Store  |e B11518  |f A3:AE08B0  |h Other scheme  |i book  |m 0546410